00429nam a22001457a 4500008004100000020001800041041000800059080000800067100000600075101000800081245005300089942001200142999001700154952011200171180903b xxu||||| |||| 00| 0 eng d a9780805373738 aeng a611 a7 aANA aA brief Atlas Of The Human BodycMallatt.j 2udccBK c47465d47465 00102udc40708PËKGa002b002cPËKGd2018-09-03l0o611 MALp002-3011841r2018-09-03w2018-09-03yBK